|
|
|
|
| LEADER |
01162nam a22003017a 4500 |
| 001 |
35454 |
| 003 |
BD-DhAAL |
| 005 |
20211205131342.0 |
| 008 |
191215t1999 xxuaocd| |||| 001 0 eng d |
| 999 |
|
|
|c 42051
|d 42051
|
| 020 |
|
|
|a 0028336550
|
| 020 |
|
|
|a 9780028336558
|
| 040 |
|
|
|d BD-DhAAL
|
| 082 |
|
|
|a 510
|2 23
|
| 245 |
|
|
|a Interactive mathematics :
|b activities & investigations /
|c David Foster ... [et al.].
|
| 250 |
|
|
|a Student resource book
|
| 260 |
|
|
|a New York :
|b Glencoe/McGraw Hill,
|c c1999
|
| 300 |
|
|
|a 261 pages :
|b illustrations ;
|c 29 cm.
|
| 500 |
|
|
|a Includes indexes.
|
| 526 |
|
|
|a BIED
|
| 541 |
|
|
|a Complimentary copy from BIED
|e 35454
|
| 650 |
|
|
|a Mathematics
|x Study and teaching (Middle school)
|9 38389
|
| 650 |
|
|
|a Mathematics
|x Curriculum materials
|x Elementary
|9 38390
|
| 700 |
|
|
|a Foster, David.
|9 38391
|
| 710 |
|
|
|a Glencoe Publishing Co.
|9 38392
|
| 852 |
|
|
|a Ayesha Abed Library
|c BIED Collection
|
| 942 |
|
|
|2 ddc
|c BK
|
| 952 |
|
|
|0 0
|1 0
|2 ddc
|4 0
|6 510_000000000000000_INT
|7 0
|9 67459
|a BRACUL
|b BRACUL
|c GEN
|d 2019-12-15
|e Complimentary copy from BIED
|l 0
|o 510 INT
|p 3010035454
|r 2019-12-15
|t 1
|w 2019-12-15
|y BK
|x Transferred from BIED to General Stacks
|